000 01332cam a2200397 4500
999 _c23311
_d23311
001 vtls011999897
005 20220928133147.0
008 201026s2020 xo gr 010 f slo
020 _a9788089822522
_q(brožované)
040 _aTVZK
_bslo
_cTVZK
_dSNK
_erda
041 1 _aslo
_heng
044 _axo
_cSK
072 7 _a821.111(73)-3
_xAmerická próza
_2konspekt
080 _a821.111(73)-31
_22011
080 _a(0:82-311.6)
_22011
080 _a(0:82-312.5)
_22011
100 1 _aWhite, Roseanna M.,
_d1982-
_4aut
_93311
240 1 3 _aAn Hour Unspent
_lSlovensky
245 1 0 _aHodina bez výčitiek
_cRoseanna M. Whiteová ; preklad z anglického originálu An Hour Unspent: Daniela Hrúziková
250 _aPrvé vydanie
264 1 _a[Jezersko]
_bi527.net
_c2020
300 _a400 strán
_c21 cm
336 _atext
_btxt
_2rdacontent
337 _abez média
_bn
_2rdamedia
338 _azväzok
_bnc
_2rdacarrier
500 _aMiesto vydania podľa NA ISBN
655 7 _aamerické romány
_2SNKPH
_92
655 7 _ahistorické romány
_2SNKPH
_91688
655 7 _aľúbostné romány
_2SNKPH
_913
655 7 _aAmerican novels
_2SNKPHeng
_91670
655 7 _aHistorical novels
_2SNKPHeng
_91689
655 7 _aLove novels
_2SNKPHeng
_91667
700 1 _aHrúziková, Daniela
_4trl
_93312
958 _aLX
958 _aUP